Σχεδιασμός ένταξης υλικών και μέσων στη μαθηματική εκπαίδευση των μικρών παιδιών

Αποθηκεύτηκε σε:
Λεπτομέρειες βιβλιογραφικής εγγραφής
Κύριος συγγραφέας: Σκουμπουρδή, Χρυσάνθη
Μορφή: Βιβλίο
Γλώσσα:Greek
Δημοσίευση: Αθήνα : Πατάκης, 2021.
Έκδοση:Νέα αναθ. έκδ.
Θέματα:
Ετικέτες: Προσθήκη ετικέτας
Δεν υπάρχουν, Καταχωρήστε ετικέτα πρώτοι!

MARC

LEADER 00000cam a2200000 a 4500
001 1/124250
008 220127s2021####gr | ||| |||| ||gre||
020 |a 9789601698946 
040 |a GR-MyUa  |b gre  |c GR-MyUa  |e AACR2 
041 0 |a gre 
082 7 |a 372.7044   |2 (23) 
100 1 |a Σκουμπουρδή, Χρυσάνθη. 
245 1 0 |a Σχεδιασμός ένταξης υλικών και μέσων στη μαθηματική εκπαίδευση των μικρών παιδιών /   |c Χρυσάνθη Σκουμπουρδή.  
250 |a Νέα αναθ. έκδ. 
260 |a Αθήνα :   |b Πατάκης,   |c 2021.  
300 |a 359 σ. :   |b πίν., σχέδ., φωτ. ;   |c 24 εκ.  
504 |a Βιβλιογραφία : σ. 313-350. Ευρετήριο.  
650 0 |a Mathematics  |x Study and teaching. 
650 0 |a Education, Preschool  |x Activity programs. 
650 0 |a Mathematics  |x Study and teaching (Preschool) 
852 |a INST  |b RHODES  |c EUDOXUS  |e 20220127  |h 372.7044 ΣΚΟ  |p 005400042527  |q 005400042527  |t EDX  |y 0 
920 |a Εύδοξος  |b Παραγγελία  |y Ρόδος-ΤΕΠΑΕΣ  |z 2022-01 
970 |z 27-01-2022